Commercial lease renewals : A practical guide

Bibliographic Details
Main Author: Freedman, Philip
Other Authors: F Shapiro, Eric
Format: Book
Published: London : Macmillan , 1994
Subjects:

MARC

LEADER 00000cam a2200000 7i4500
001 0000003259
005 20050628.0
040 |a INS 
090 0 0 |a KD905   |b F73 1994 
100 1 |a Freedman, Philip 
245 1 0 |a Commercial lease renewals :   |b A practical guide   |c Philip Freedman 
260 |a London :   |b Macmillan ,   |c 1994 
650 0 0 |a Commercial leases 
700 1 |a F Shapiro, Eric 
999 |a 0000006743   |b BOOK   |c Open Shelf   |e Default branch